000
00214nam a2200121Ia 4500
100
_a
#N/A
942
_c
BK
245
_a
Power Electronics
260
_b
#N/A
082
_b
22380
546
_a
ENGLISH
999
_c
25019
_d
25019